As meninas de La Mancha (Registo nº 3995)
[ vista simples ]
| 000 -Etiqueta do registo | |
|---|---|
| Cabeçalho | 00770cam a2200277 4500 |
| 005 - Identificador da versão | |
| Campo de controlo | 20240813122050.0 |
| 095 ## - | |
| -- | PTBN00349753 |
| 010 ## - Número internacional normalizado dos livros (ISBN) | |
| Número (ISBN) | 9724109070 |
| 021 ## - Número do Depósito Legal | |
| Código do país | PT |
| Número | 44451/91 |
| 100 ## - Dados gerais de processamento | |
| Dados gerais de processamento | 20190318d1991 c y0pory5003 ba |
| 102 ## - Pais de publicação ou produção | |
| País de publicação | Portugal |
| 101 0# - Língua de publicação | |
| Língua do texto, banda sonora, etc. | Português |
| 215 ## - Descrição física | |
| Indicação específica da natureza do documento e extensão da espécie | 78, [3] p. |
| Outras indicações físicas | il. color |
| 200 1# - Titulo e menção de responsabilidade | |
| Título próprio | As meninas de La Mancha |
| Primeira menção de responsabilidade | Sara Horta Monteiro |
| Outras menções de responsabilidade | il. Assunção Cabrita |
| 225 1# - Colecção | |
| Título próprio da colecção | Asa juvenil |
| Indicação de volume | 53 |
| 205 ## - Menção da edição | |
| Menção da edição | 1ª ed |
| 210 ## - Publicação, Distribuição, etc. | |
| Lugar da edição, distribuição, etc. | Porto |
| Nome do editor, distribuidor, etc. | Asa |
| Data da publicação, distribuição, etc. | 1991 |
| 606 ## - Nome comum usado como assunto | |
| Número de registo de entrada de autoridade | 0001335 |
| Palavra de ordem | Literatura portuguesa |
| Subdivisão de assunto | Conto |
| Código do sistema | CA |
| 675 ## - Classificação Decimal Universal (CDU) | |
| Notação | 821.134.3-34 |
| Edição | 3ª ed. |
| Língua da edição | por |
| 702 #1 - Nome de autor-pessoa física (responsabilidade secundária) | |
| Número de registo de entrada de autoridade | 0000467 |
| Palavra de ordem | Cabrita |
| Outra parte do nome não tomada para palavra de ordem | Assunção |
| Código de função | Ilustrador / Técnico de desenho computorizado |
| 700 #1 - Nome de autor-pessoa física (responsabilidade principal) | |
| Número de registo de entrada de autoridade | 0000466 |
| Palavra de ordem | Monteiro |
| Outra parte do nome não tomada para palavra de ordem | Sara Horta |
| 966 ## - Identificação da Biblioteca | |
| Sigla | EBVEN |
| 942 ## - Elementos de entrada adicionados (Koha) | |
| Tipo de item no Koha | Livro |
| Situação do levantamento | Origin of item (home branch) (coded) | Biblioteca de empréstimo | Código de barras | Cota | Circulation type (not for loan) | Tipo de documento | Nota do exemplar | Damaged status |
|---|---|---|---|---|---|---|---|---|
| Biblioteca Escolar das Vendas | Biblioteca Escolar das Vendas | BEV380 | 8POR MON | Livro | Sem mensagem |
